000 00274nam a22001217a 4500
082 _a894.812
_bSAS/S
100 _aSASI MADAVOOR
245 _aSWARNA THADI
260 _aTHRISSUR
_bH&C PUBLISHING HOUSE
300 _a31
650 _aMALAYALAM SHORT STORY
_zKERALA
942 _cBK
999 _c1347
_d1347